Belgian football players by picture #2 - Statistics

General Stats
  • This quiz has been taken 137 times
  • The average score is 9 of 15
Answer Stats
Picture Answer % Correct
Yannick Carrasco
94%
Thomas Meunier
93%
Thorgan Hazard
92%
Jason Denayer
78%
Michy Batshuayi
77%
Loïs Openda
73%
Toby Alderweireld
70%
Thomas Vermaelen
69%
Mousa Dembélé
68%
Simon Mignolet
67%
Radja Nainggolan
63%
Enzo Scifo
29%
Jean-Marie Pfaff
26%
Philippe Albert
20%
Paul Van Himst
11%
No matching quizzes found
Score Distribution
Percent of People with Each Score
Percentile by Number Answered
Your Score History
You have not taken this quiz